| 000 | 00532nam a2200169Ia 4500 | ||
|---|---|---|---|
| 005 | 20250728154342.0 | ||
| 008 | 250728s9999 xx 000 0 und d | ||
| 020 | _a9780521875158 | ||
| 082 |
_a951.056 _bCLA |
||
| 100 | _aClark, Paul | ||
| 245 | 4 | _aThe Chinese Cultural Revolution | |
| 260 |
_bCambridge University Press _c2008 |
||
| 300 | _a15 pages | ||
| 500 | _aThis book analyzes the Cultural Revolution through the conflict between innovation and a top-down enforcement of modernity. | ||
| 650 | _aArt | ||
| 942 | _cENGLISH | ||
| 999 |
_c577732 _d577732 |
||